Regional directory leafy spurge control (Record no. 526014)

MARC details
000 -LEADER
fixed length control field 00979namaa2200289 a 4500
001 - CONTROL NUMBER
control field vtls001223009
003 - CONTROL NUMBER IDENTIFIER
control field NLI
005 - DATE AND TIME OF LATEST TRANSACTION
control field 20210603171933.0
008 - FIXED-LENGTH DATA ELEMENTS--GENERAL INFORMATION
fixed length control field 120330s1968 dcu r i0 0 0 eng
039 #9 - LEVEL OF BIBLIOGRAPHIC CONTROL AND CODING DETAIL [OBSOLETE]
-- 201203301739
-- VLOAD
040 ## - CATALOGING SOURCE
Original cataloging agency NLI
Transcribing agency VTLS-2012_FOD
Description conventions AACR2
041 0# - LANGUAGE CODE
Language code of text/sound track or separate title dcu
082 ## - DEWEY DECIMAL CLASSIFICATION NUMBER
Classification number 362.10473
110 1# - MAIN ENTRY--CORPORATE NAME
Corporate name or jurisdiction name as entry element United States.
Subordinate unit Forest Service
9 (RLIN) 459146
245 10 - TITLE STATEMENT
Title Regional directory leafy spurge control
260 ## - PUBLICATION, DISTRIBUTION, ETC.
Place of publication, distribution, etc. Washington,D.C. :
Name of publisher, distributor, etc. Department of Agriculture,
Date of publication, distribution, etc. 1980
300 ## - PHYSICAL DESCRIPTION
Extent 52 p. ;
Dimensions 24 cm.
650 #0 - SUBJECT ADDED ENTRY--TOPICAL TERM
Topical term or geographic name entry element Health boards
Geographic subdivision United States
Form subdivision Directories
9 (RLIN) 660807
650 #0 - SUBJECT ADDED ENTRY--TOPICAL TERM
Topical term or geographic name entry element Health officers
Geographic subdivision United States
Form subdivision Directories
9 (RLIN) 660808
650 #0 - SUBJECT ADDED ENTRY--TOPICAL TERM
Topical term or geographic name entry element Public health personnel
Geographic subdivision United States
Form subdivision Directories
9 (RLIN) 660809
650 #0 - SUBJECT ADDED ENTRY--TOPICAL TERM
Topical term or geographic name entry element Public Health Administration
Geographic subdivision United States
Form subdivision Directory
9 (RLIN) 660810
887 ## - NON-MARC INFORMATION FIELD
Content of non-MARC field
901 ## - LOCAL DATA ELEMENT A, LDA (RLIN)
a AD 71033
b 14.07.2010
902 ## - LOCAL DATA ELEMENT B, LDB (RLIN)
a U.S 362.10473 Us 3 R
942 ## - ADDED ENTRY ELEMENTS (KOHA)
Source of classification or shelving scheme Dewey Decimal Classification
Koha item type Books
949 ## - LOCAL PROCESSING INFORMATION (OCLC)
-- VIRTUAITEM
-- 10000
-- 100
6 ADX000071033ENG
Holdings
Withdrawn status Lost status Damaged status Not for loan Collection code Home library Current library Shelving location Date acquired Total Checkouts Full call number Barcode Date last seen Price effective from Koha item type
          National Library of India National Library of India       U.S 362.10473 Us 3 R ADX000071033ENG 03/06/2021 03/06/2021 Books
                                                                           
web counter

Copyright ©2020 The National Library of India, Govt. of India ↔ Hosted by NVLI, MOC ↔ Technology and Design by National Library of India, Ministry of Culture, Govt. of India